| 000 | 00576nam a22001697a 4500 | ||
|---|---|---|---|
| 003 | BD-DhUL | ||
| 005 | 20160823103158.0 | ||
| 008 | 160823b xxu||||| |||| 00| 0 eng d | ||
| 040 | _cBD-DhUL | ||
| 082 |
_a332.4 _bANT |
||
| 100 | _aরায়, শ্রীনরেন্দ্রনাথ | ||
| 245 |
_aটাকার কথা / _cরায়, শ্রীনরেন্দ্রনাথ |
||
| 260 |
_aকলকাতা : _bমডার্ণ, |
||
| 300 |
_a১১০ পৃ. ; _c১৮ সেমি. |
||
| 650 |
_aইতিহাস _vHistory |
||
| 942 |
_2ddc _cBK |
||
| 999 |
_c100753 _d100753 |
||